Primary securities markets cross country findings

Saved in:
Bibliographic Details
Main Author: Aylward, Anthony
Format: Book
Language:Undetermined
Published: Washington, D. C. The World Bank 1999
Subjects:
Tags: Add Tag
No Tags, Be the first to tag this record!
Institutions: Trung tâm Học liệu Trường Đại học Cần Thơ
LEADER 00535nam a2200181Ia 4500
001 CTU_62896
008 210402s9999 xx 000 0 und d
082 |a 332.632 
082 |b A981 
100 |a Aylward, Anthony 
245 0 |a Primary securities markets cross country findings 
245 0 |c Anthony Aylward, Jack Glen 
260 |a Washington, D. C. 
260 |b The World Bank 
260 |c 1999 
650 |a Investerment, foreign 
904 |i Minh (Nguyên sửa) 
980 |a Trung tâm Học liệu Trường Đại học Cần Thơ